| 000 | 01045cam a22001935a 4500 | ||
|---|---|---|---|
| 001 | L156042 | ||
| 008 | 120426s1838 xxk f 000 0 eng d | ||
| 035 | _a(Sirsi) u156042 | ||
| 041 | 0 | _aeng | |
| 100 | 1 |
_aNicholson, Peter _d1765-1844 |
|
| 245 | 0 | 4 |
_aThe new and improved practical builder and workman's companion _bexhibiting a full display and elucidation of the most recent and skilful methods pursued by architects and artificiers, in all the various departments of building, in three volumes |
| 260 |
_aLondon _bThomas Kelly _cM.DCCC.XXXVIII. [1838] |
||
| 300 |
_a3v. _bplates _c4o |
||
| 505 | 2 | _aVol. I: geometry, carpentry, joinery and cabinet-making -- Vol. II: masonry, bricklaying, plastering, slating, painting, glazing, & plumbing -- Vol. III: theory and practice of the five orders, gothic architecture, perspective, projection, fractions, decimal arithmetic, &c. | |
| 583 |
_aCondition reviewed _c20120620 _lcondition level 1, 1 and 1 |
||
| 651 | 4 |
_aGreat Britain _y1707- |
|
| 690 |
_aConstruction management _96230 |
||
| 942 | _n0 | ||
| 999 |
_c114000 _d114000 |
||